000 01201nam0a22002531 4500
001 rc\1016682
005 20041129102420.7
035 _a(NLR Aleph) 006181766
090 _a6073185
_c6073185
100 _a20041129d1981 u |0rusy50 ca
101 0 _arus
102 _aRU
105 _ay |||||||||
200 1 _aКомплекс программных средств для решения задач комбинаторной оптимизации
_f[Сост. Н.Н. Метельский]
210 _aМинск
_cИн-т математики
_d1981
215 _a[2], 3 с.
_d21
225 1 _aОбзорная информация
_fГос. фонд алгоритмов и программ, Респ. фонд алгоритмов и программ БССР, АН БССР, Ин-т математики
_iМатематическое обеспечение ЭВМ
700 1 _aМетельский
_bН. Н.
_gНиколай Николаевич
712 0 2 _aБелорусский респ. фонд алгоритмов и программ
_cМинск
_3RU\NLR\AUTH\887678
801 0 _aRU
_bNLR
_gpsbo
801 1 _aRU
_bELAR
_2rusmarc
852 _aNLR
_j81-4/20284
942 _cBOOK
980 _aNB